Compendio histórico de la religión des de la creación del mundo hasta el estado presente

Detalles Bibliográficos
Autor principal: PINTON, José
Formato: Libro
Publicado: Madrid 1776
Edición:10a ed.
Materias:
Colección:Banco de datos
Acervo:Biblioteca del Museo Regional de Querétaro. INAH. Querétaro
Descripción Física:t. II
Tema general:Historia Eclesiástica
Notas:Buena. 3E7, 22
LEADER 00738nam a22002170004500
035 |a 27354 
036 |a 1063 
100 1 |a PINTON, José 
245 1 0 |a Compendio histórico de la religión des de la creación del mundo hasta el estado presente 
250 |a 10a ed. 
260 |a Madrid  |b Joaquín Ibarra  |c 1776 
300 |a t. II 
500 |a Buena. 3E7, 22 
650 1 0 |a Historia Eclesiástica 
949 |a C.R.Q. 
959 |a Ex convento Grande de San Francisco de la ciudad de Querétaro, Museo Regional de Querétaro  |b CCC2 
960 |a Colección General, Querétaro  |b DD80 
961 |a Varias Ordenes Religiosas  |b VO 
942 |c C.R.Q. 
943 |g Biblioteca del Museo Regional de Querétaro. INAH. Querétaro 
999 |c 983670  |d 983670